• 首页
  • 本馆介绍
  • 公告通知
  • 最新文献
  • 馆藏检索
  • 电子资源
  • 读者导购
  • 参考咨询
  • 我的图书馆
  • 登录
  • 详细信息显示
  • 放入我的书架
  • 预约/预借图书
  • 作者相关作品
  • 分类相关作品
  • 丛书相关作品
  • 出版社相关作品

书目信息

  • 表格格式
  • 工作单格式
  • 卡片格式
题名:
中国古典舞训练技法研究
    
 
作者: 姜宇婷 著
分册:  
出版信息: 长春   吉林出版集团股份有限公司  2021.3
页数: 156页
开本: 24cm
丛书名:
单 册:
中图分类: J722.4
科图分类:
主题词: 古典舞蹈--舞蹈训练--研究--中国
电子资源:
ISBN: 978-7-5581-7008-9
000 00770nam0 2200229 45
001 490106
005 20140817181651.0
010    @a978-7-5581-7008-9@dCNY35.00
100    @a20210126d2019 em y0chiy0110 ea
101 0  @achi
102    @aCN@b220000
105    @aa z 000yy
106    @ar
200 1  @a中国古典舞训练技法研究@Azhong guo gu dian wu xun lian ji fa yan jiu@f姜宇婷著
210    @a长春@c吉林出版集团股份有限公司@d2021.3
215    @a156页@c图@d24cm
330    @a本书分四章:第一章规范整理训练技法;第二章短句组合训练概述;第三章复合技术技巧训练;第四章综合性组合训练技法。
606 0  @a古典舞蹈@x舞蹈训练@x研究@y中国
690    @aJ722.4@v5
701  0 @a姜宇婷@Ajiang yu ting@4著
801    @aCN@b江苏凤凰@c20211018
905    @b1355654-7@dJ722.4@e327@f4
    
    中国古典舞训练技法研究/姜宇婷著.-长春:吉林出版集团股份有限公司,2021.3
    156页:图;24cm
    
    
    ISBN 978-7-5581-7008-9:CNY35.00
    本书分四章:第一章规范整理训练技法;第二章短句组合训练概述;第三章复合技术技巧训练;第四章综合性组合训练技法。
●
相关链接 在E读中查询图书 在五车中查询图书 在当当中查询图书 在豆瓣中查询图书


正题名:中国古典舞训练技法研究     索取号:J722.4/327         预约/预借

序号 登录号 条形码 馆藏地/架位号 状态 备注
1 1355654   213556542   第一样本阅览室/ [索取号:J722.4/327] 在馆    
2 1355655   213556551   第一借阅区/ [索取号:J722.4/327] 在馆    
3 1355656   213556560   第一借阅区/ [索取号:J722.4/327] 在馆    
4 1355657   213556579   第一借阅区/ [索取号:J722.4/327] 在馆    
唐山师范学院图书馆 欢迎您!
大连网信软件有限公司© 版权所有